| 000 | 00392nam a22001337a 4500 | ||
|---|---|---|---|
| 020 | _a9787119121437 | ||
| 040 | _cNUST | ||
| 082 |
_a895.1808 _bHEN |
||
| 100 |
_a Heng , Liang _986420 |
||
| 245 |
_aChina manifested in trees : _bUnderstanding China |
||
| 260 |
_aBeijing : _bForeign Languages Press, _c2019. |
||
| 300 |
_aiii, 282 P : _billustrations, portraits ; _c24 cm |
||
| 942 |
_2ddc _cBK |
||
| 999 |
_c587317 _d587317 |
||